Trippie Redd Albums(CheeseHa8FS) - Statistics

General Stats
  • This quiz has been taken 22 times
  • The average score is 4 of 5
Answer Stats
Year Released Album % Correct
2019 !
100%
2023 Mansion Musik
86%
2018 Life's a Trip
81%
2020 Pegasus
76%
2021 Trip at Knight
71%
No matching quizzes found
Score Distribution
Percent of People with Each Score
Percentile by Number Answered
Your Score History
You have not taken this quiz